Deutsches Worterbuch
Saved in:
| Main Author: | |
|---|---|
| Other Authors: | |
| Format: | Book |
| Language: | German |
| Published: |
Gutersloh :
Bertelsmann Lexikon Institut,
2002
|
| Edition: | 7., vollstndig neu bearbeitete und aktualisierte |
| Subjects: | |
| Tags: |
Add Tag
No Tags, Be the first to tag this record!
|
MARC
| LEADER | 00000nam a2200000 i 4500 | ||
|---|---|---|---|
| 001 | 1/85172 | ||
| 008 | 050912s2002 ger d | ||
| 020 | |a 3-577-10079-6 | ||
| 035 | |l 10080210 | ||
| 040 | |a GR-MY-UA |b gre |e aacr | ||
| 041 | 0 | |a ger | |
| 082 | 0 | |a 433 |2 (22) | |
| 100 | 1 | |a Wahrig, Gerhard. | |
| 245 | 1 | 0 | |a Deutsches Worterbuch / |c Gehard Wahrig ; neu herausgegeben von Dr. Renate Wahrig-Burfeind |
| 250 | |a 7., vollstndig neu bearbeitete und aktualisierte | ||
| 260 | |a Gutersloh : |b Bertelsmann Lexikon Institut, |c 2002 | ||
| 300 | |a 1451 σ.; |c 28 εκ. | ||
| 500 | |a Mit einem "Lexikon der deutschen sprachlehre" | ||
| 650 | 0 | 0 | |a German language |x Dictionaries. |
| 700 | 0 | |a Wahrig-Burfeind, Renate. |4 edt | |
| 852 | |a INST |b LESVOS |e 20050912 |h 433 WAH |p 005100031119 |q 005100031119 |t REF |y 23 | ||
| 901 | |a BIBL1-2005-3 | ||
| 909 | |a Λ |b 116196 | ||
| 920 | |a ΔΙΕΥΡΥΝΣΗ |b ΕΠΕΑΕΚ-ΤΚ |y ΛΕΣΒΟΣ |z 2004-10 | ||
| 970 | |a ΚΑΡΑ |b ΓΙΑΣΕΜΗ |z 2005/09/12 | ||